Classics of political and moral philosophy (Record no. 95907)
[ view plain ]
| 000 -LEADER | |
|---|---|
| fixed length control field | 00498nam a2200205Ia 4500 |
| 003 - CONTROL NUMBER IDENTIFIER | |
| control field | 0100 |
| 008 - FIXED-LENGTH DATA ELEMENTS--GENERAL INFORMATION | |
| fixed length control field | 130307s9999 xx 000 0 und d |
| 020 ## - INTERNATIONAL STANDARD BOOK NUMBER | |
| International Standard Book Number | 0195140915 |
| 040 ## - CATALOGING SOURCE | |
| Transcribing agency | ARRUPELIB |
| 050 ## - LIBRARY OF CONGRESS CALL NUMBER | |
| Classification number | JA71.C27 2001 |
| 300 ## - PHYSICAL DESCRIPTION | |
| Other physical details | 1211 p. 24 cm. |
| 245 ## - TITLE STATEMENT | |
| Title | Classics of political and moral philosophy |
| 260 ## - PUBLICATION, DISTRIBUTION, ETC. (IMPRINT) | |
| Place of publication, distribution, etc | New York |
| 260 ## - PUBLICATION, DISTRIBUTION, ETC. (IMPRINT) | |
| Name of publisher, distributor, etc | Oxford University Press |
| 260 ## - PUBLICATION, DISTRIBUTION, ETC. (IMPRINT) | |
| Date of publication, distribution, etc | 2002. |
| 300 ## - PHYSICAL DESCRIPTION | |
| Extent | xiii |
| 650 ## - SUBJECT ADDED ENTRY--TOPICAL TERM | |
| Topical term or geographic name as entry element | POLITICAL SCIENCE |
| 700 ## - ADDED ENTRY--PERSONAL NAME | |
| Personal name | Cahn, Steven M. (ed.) |
| 942 00 - ADDED ENTRY ELEMENTS (KOHA) | |
| Koha issues (borrowed), all copies | 3 |
| Withdrawn status | Lost status | Source of classification or shelving scheme | Damaged status | Not for loan | Collection code | Home library | Current library | Shelving location | Date acquired | Total Checkouts | Full call number | Barcode | Date last seen | Date checked out | Copy number | Price effective from | Koha item type |
|---|---|---|---|---|---|---|---|---|---|---|---|---|---|---|---|---|---|
| Library of Congress Classification | Main Collection | ARRUPE LIBRARY | ARRUPE LIBRARY | 07/03/2013 | 8 | JA71.C27 2001 | 46003071763 | 18/01/2019 | 02/01/2019 | 1 | 07/03/2013 | Monograph ( Printed materials) |